| 000 | 01218nam a22003617a 4500 | ||
|---|---|---|---|
| 003 | CHAP | ||
| 005 | 20220408134652.0 | ||
| 008 | 971010s1980 r 00010 d | ||
| 010 | _a65824 | ||
| 011 | _a66796 | ||
| 035 | _a75771 | ||
| 040 | _cCHAP | ||
| 090 | _aTesis | ||
| 100 | 0 | 0 |
_aCandelario Rodríguez, Mario M. _918324 |
| 245 | _aEstudio de la variación de algunas características físicas y mecánicas de la madera de Pinus ayacahuite var. veitchii y Pinus patula | ||
| 260 |
_aChapingo, Méx. : _bEl autor, _c1980 |
||
| 300 |
_a156 h. _b; láms |
||
| 502 | _aTesis (Ing. Agr. Esp. en Bosques) -- UACH. Departamento de Bosques | ||
| 590 |
_aALEPH _b10 _c20130110 |
||
| 590 |
_aBATCH-UPD _b10 _c20130110 |
||
| 590 |
_aBATCH-UPD _b10 _c20130410 |
||
| 590 |
_aBATCH-UPD _b10 _c20130914 |
||
| 590 |
_aCONVERSION _b10 _c20130109 |
||
| 650 | 1 | 4 |
_aMadera _xPropiedades y usos. _969621 |
| 650 | 1 | 4 |
_aPinus ayacahuite. _988320 |
| 650 | 1 | 4 |
_aPinus patula. _988356 |
| 901 | _aBK | ||
| 942 |
_cFOLL _2ddc |
||
| 949 |
_bBC _cTES _d-65077 _eTS1 _i75771 _si |
||
| 949 |
_bBC _cTES _d-65078 _eTS2 _fc.2 _i75771 _si |
||
| 949 |
_bBC _cTES _d-65079 _eTS2 _fc.3 _h21913 _i75771 _si |
||
| 949 |
_bZA _cTESBD _d-8733 _eTS1 _h77 _i75771 _si |
||
| 999 |
_c65824 _d65824 |
||